| 000 | 01029nam0a22002891 4500 | ||
|---|---|---|---|
| 001 | rc\30249 | ||
| 005 | 20250620152807.0 | ||
| 010 |
_a5-211-03259-4 _91000 |
||
| 035 | _a(NLR Aleph) 005315817 | ||
| 090 |
_a6434799 _c6434799 |
||
| 100 | _a20021216d1994 |||y0rusy50 ca | ||
| 101 | 0 | _arus | |
| 102 | _aRU | ||
| 105 | _ay ||||||||| | ||
| 200 | 1 |
_aИнтеграция университетов России в общемировую систему университетского образования и науки _e[Сб. ст. _fРедкол. Тихонов А.Н. и др.] |
|
| 210 |
_aМ. _cМГУ _d1994 |
||
| 215 |
_a276 с. _d25 |
||
| 225 | 1 | _aПрограмма "Университеты России" | |
| 300 | _aНа пер. загл. сер.: Ун-ты России | ||
| 320 | _aБиблиогр. в конце ст. | ||
| 320 | _aНа пер.: 1 | ||
| 702 | 1 |
_aТихонов _bА.Н. _4340 |
|
| 801 | 0 |
_aRU _bNLR _gpsbo |
|
| 801 | 1 |
_aRU _bELAR _2rusmarc |
|
| 852 |
_aNLR _j95-7/484 |
||
| 942 | _cBOOK | ||
| 980 | _aNB | ||